| 000 | 01493cam a2200373 i 4500 | ||
|---|---|---|---|
| 001 | on1226172495 | ||
| 003 | OCoLC | ||
| 005 | 20250905015515.0 | ||
| 008 | 201209t20212019nyub 000 1 eng d | ||
| 015 |
_aGBC1I9084 _2bnb |
||
| 016 | 7 |
_a020392926 _2Uk |
|
| 020 |
_a9781250247674 _q(paperback) |
||
| 020 |
_a1250247675 _q(paperback) |
||
| 040 |
_aYDX _beng _erda _cYDX _dBDX _dUKMGB _dZQP _dOCLCF _dOCL _dOCLCO |
||
| 082 | 0 | 4 |
_a813/.54 _223 |
| 100 | 1 |
_aJordan, Robert, _d1948-2007, _eauthor. |
|
| 245 | 1 | 0 |
_aWarrior of the Altaii / _cRobert Jordan. |
| 250 | _aFirst mass market edition. | ||
| 264 | 1 |
_aNew York : _bTor, _c2021. |
|
| 264 | 4 | _c℗♭2019. | |
| 300 |
_axvi, 363 pages : _bmaps ; _c19 cm. |
||
| 336 |
_atext _btxt _2rdacontent. |
||
| 337 |
_aunmediated _bn _2rdamedia. |
||
| 338 |
_avolume _bnc _2rdacarrier. |
||
| 490 | 1 | _aTor fantasy. | |
| 500 | _a"A Tom Doherty Associates book." | ||
| 520 | _aThe watering holes of the Plain are drying up, the fearsome fanghorn grow more numerous, and bad omens abound. Wulfgar, a leader of the Altaii people, must contend with twin queens, warlords, prophets and magic in hopes of protecting his people and securing their future. Elspeth, a visitor from another world, holds the answers, but first Wulfgar must learn to ask the right questions. | ||
| 650 | 0 |
_aImaginary places _vFiction. |
|
| 650 | 0 |
_aQueens _vFiction. |
|
| 650 | 0 |
_aDroughts _vFiction. |
|
| 655 | 7 |
_aFantasy fiction. _2lcgft. |
|
| 830 | 0 | _aTor fantasy. | |
| 942 | _cBK | ||
| 999 |
_c31125 _d31123 |
||